BIBLIOTHÈQUE DE LA MAISON DU MEXIQUE

Logo 1 Logo 2

Astucia. El jefe de los hermanos de la hoja ó Los Charros contrabandistas de la Rama (notice nᵒ 8285)

détails MARC
000 -Sello discográfico
campo de control de longitud fija 01017nam a2200301 4500
005 - Identificación de versión
campo de control 20251017062830.0
035 ## - Otros números de control del sistema
Número de control del sistema 6937
099 ## - fechas locales
Tipo de ítem Koha LIBRO
100 ## - Datos de procesamiento general
Datos de procesamiento general 20020930d19691966m y1spay5003 ba
105 ## - Campo de datos codificados: Material textual, monográfico
Datos codificados de monografía y 001ay
200 1# - Título y mención de responsabilidad
Título propio Astucia. El jefe de los hermanos de la hoja ó Los Charros contrabandistas de la Rama
Designación general del material texto impreso
Otra información del título novela histórica de costumbres mexicanas con episodios originales
Primer mención de responsabilidad Luis G. Inclán
Declaración de responsabilidad subsiguiente prólogo Salvador Novo
205 ## - Declaración de edición
Declaración de edición 2a ed
210 ## - Publicación, distribución, etc.
Lugar de publicación, distribución, etc. México
Nombre del editor, distribuidor, etc. Editorial Porrúa
Fecha de publicación, distribución, etc. 1969
215 ## - Descripción física
Designación de material específico y extensión del ítem 539 p
Dimensiones 22 cm
345 ## - Nota de información de adquisición
Fuente de adquisición/dirección de la suscripción [OBSOLETO] Donación
410 #1 - Series
Título Colección "Sepan Cuantos ..."
Número de volumen 63
606 ## - Término temático usado como materia
Elemento de entrada Novela mexicana
Subdivisión temática Colecciones
Número Koha 472
660 ## - Código de área geográfica
Código MX
700 ## - Nombre personal - Responsabilidad primaria
Elemento de entrada Inclán
Parte del nombre distinta del elemento de entrada Luis Gonzaga
Fechas 1816-1875
Número Koha 7254
702 ## - Nombre personal - Responsabilidad secundaria
Elemento de entrada Novo López
Parte del nombre distinta del elemento de entrada Salvador
Fechas 1904-1974
Número Koha 2007
801 #0 - Fuente de origen
Agencia cm
900 ## -
-- 1/2578
900 ## -
-- 7100214366\300902
942 ## - ELEMENTOS DE ENTRADA SECUNDARIOS (KOHA)
Tipo de ítem Koha Livre
996 ## -
-- MEX
-- 751145101
-- MMAG
-- 002952
-- 080 S479 V.63
-- 20191210LIV
Exemplaires
Estatus retirado Estado de daño Estado de pérdida Fecha de adquisición Biblioteca de origen Biblioteca actual Ubicación en estantería Código de barras Precio de reemplazo Signatura topográfica completa No para préstamo Tipo de ítem Koha Nota pública Nota no pública
      05/08/2025 Casa México Paris Casa México Paris   002952 05/08/2025 080 S479 V.63   Livre 20191210LIV 751145101